Responses for show #5147 - Tuesday, January 16, 2007

Contestants

Greg Williams, a lecturer from Philadelphia, Pennsylvania

Paula Ashley, a marketing communications firm owner from Toledo, Ohio

Brian Armbrust, a corporate trainer from San Francisco, California (whose 1-day cash winnings total $21,500)

Jeopardy! Round responses

RUSSIAN LEADERS
CELEBRITY DOG BREEDS
NOW THAT'S INVENTIVE!
GIMME AN "F"
YOU GOTTA HAVE ART
MILES & MILES & MILES OF ART
    $200 18
Peter the Great

Paula
    $200 8
a Beagle

Brian
    $200 16
(Dr. Richard) Gatling

Greg
    $200 3
a fez

Greg
    $200 1
Andy Warhol

Brian
    $200 13
Arthur Ashe

Brian
    $400 23
Gorbachev

Brian
    $400 9
a Saint Bernard

Greg
    $400 17
a Geiger counter

Brian
    $400 4
(Alex: And that's the famous, or infamous [*].)

flea-flicker

Triple Stumper
    $400 2
scissors

Paula
    $400 14
Chester Arthur

Paula
    $600 24
(Alex: She introduced [*]-age, a silver [*].)

a coin

Triple Stumper
    $600 10
(Paula: What is a Chihuahua?)
...
(Alex: 101 [*]s is the story, and so [*] is correct.)

Dalmatian

Paula
Triple Stumper
    $600 19
(William) Lear

Greg
    $600 5
focaccia

Greg
    $600 15
Pablo Picasso

Triple Stumper
    $600 27
Arthur Miller

Brian
    $800 25
Catherine the Great

Brian
    $800 11
a Jack Russell Terrier

Brian
    $800 22
(Paula: What is a blood pressure meter?)

a thermometer

BrianPaula
    $800 6
a flute

Paula
    $800 20
Frida Kahlo

Greg
    $800 28
Arthur Fiedler

Paula
    $1000 26
hemophilia

Brian
    $1000 12
(Alex: Buddy was [*]. Go get me a beer.)

a Golden Retriever

Triple Stumper
    $1000 30
(Paula: What is the compass?)
(Alex: No... he invented [*]. [Pretends to push a wobbly one])
[Laughter]

the shopping cart

Paula
Triple Stumper
    $1000 7
flexibility

Brian
    $500 21
(Salvador) DalĂ­

Greg
    $1000 29
Arthur Dimmesdale

Brian

Scores at the first commercial break (after clue 15):

Brian Paula Greg
$2,400 $1,000 $1,200

Scores at the end of the Jeopardy! Round:

Brian Paula Greg
$7,400 $200 $3,300

Double Jeopardy! Round responses

BODIES OF WATER
ENTERTAINING WOMEN
SPEED HAMLET
THAT'S SOME OF YOUR BUSINESS
1957
U.S. STATE NAMES
    $400 1
Lake Victoria

Brian
    $400 6
Catherine Zeta-Jones

Brian
    $400 11
Yorick

Brian
    $400 25
Sears

Greg
    $400 16
Sputnik

Brian
    $400 17
(Paula: What is Hawaii?)
...
(Alex: That's the one with 4 "i"s.)

Mississippi

BrianPaula
    $800 2
Adriatic Sea

Brian
    $800 7
(Brian: [Before ringing in] Who is Marcia...)
...
(Alex: Helps if you ring in.)
(Brian: It does.)

Marcia Cross

Brian
    $800 12
Gertrude

Brian
    $800 26
Foot Locker

Greg
    $800 21
Suez Canal

Brian
    $800 18
West Virginia

Brian
    $1200 3
(Paula: What is the North Sea?)

Baltic Sea

BrianPaula
    $1200 8
The Williams Sisters

Greg
    $1200 13
Rosencrantz & Guildenstern

Greg
    $1200 27
(Brian: Who is Jack Daniels?)

Jim Beam

BrianGreg
    $1200 23
National Geographic

Paula
    $2,000 19
(Brian: What are [*]...)
(Alex: Right...)
...
(Alex: And [**].)

Maryland & Rhode Island

Brian
    $1600 4
Beaufort Sea

Paula
    $1600 9
Rosemary Clooney

Greg
    $1600 14
Laertes

Greg
    $1600 28
Kmart

Brian
    $1600 24
(Paula: What is On The Waterfront?)

Beach

Paula
Triple Stumper
    $1600 20
(Paula: [No response])

Maine

PaulaGreg
    $2000 5
Great Slave Lake

Brian
    $2000 10
(Brian: Who is Grace Kelly?)

Ava Gardner

BrianGreg
    $1,000 15
[Greg smiles after the clue is read but does not answer.]
...
(Alex: At least it made you smile & chuckle, so that's good.)

Fortinbras

Greg
    $2000 29
(Brian: What is IBM?)

Intel

Brian
Triple Stumper
    $2000 30
(Brian: What is the International Atomic Energy Association?)

International Atomic Energy Agency

BrianGreg
    $2000 22
Montana

Paula

Scores at the end of the Double Jeopardy! Round:

Brian Paula Greg
$9,000 $200 $15,900

[wagering suggestions for these scores]

Final Jeopardy! Round responses

THE U.S. GOVERNMENT
(Alex: It's [*]. They use ".mil" for military.)
PaulaWhat is the dept. of Education?
$199
BrianWhat is the Dept. of Education?
$8,999
GregWhat is State
$2,500
the Department of Defense

Final scores:

Brian Paula Greg
$1 $1 $13,400
2nd place: $2,000 3rd place: $1,000 New champion: $13,400

Game dynamics:

Coryat scores:

Brian Paula Greg
$11,000 $200 $17,400
25 R,
5 W
(including 1 DD)
8 R,
7 W
17 R
(including 1 DD),
1 W
(including 1 DD)

Combined Coryat: $28,600

The J! Archive is created by fans, for fans. The Jeopardy! game show and all elements thereof, including but not limited to copyright and trademark thereto, are the property of Jeopardy Productions, Inc. and are protected under law. This website is not affiliated with, sponsored by, or operated by Jeopardy Productions, Inc. Join the discussion at JBoard.tv.